Регионална библиотека "Любен Каравелов" - Русе

Фальстаф (Запис номер 296957)

MARC детайли
000 -Лидер
Контролно поле с фиксирана дължина 01088ncm a2200313 c 4500
003 - Код на организацията, давaща контролен номер
Контролно поле BLK
005 - Дата и час на последна редакция
Контролно поле 20231122005344.0
008 - Елементи от данни с фиксирана дължина
fixed length control field 180414b bul |a|er|||| |0| c|bulo|
010 ## - Наследен системен номер
LC control number NOT00000307000
040 ## - Източник на каталожния запис
Идентификатор на билиотеката - собственик на записа BLK
041 ## - Код за език
Код за езика на текст/звукозапис или на отделно заглавие Руски
Код за езика КДБФ Руски
080 ## - УДК
Текстов определител УДК Театрална музика. Опера. Оперета. Балет
УДК код - определител по УДК 782
УДК - код + определител 782
139 ## - Редно поле
Редна дума Верди, Джузепе
Авторски знак Верд - В 49
245 10 - Сведения за заглавието
Заглавие Фальстаф
Подзаглавни данни Лирическая комедия в трех действиях
Редно поле (дума) Джузепе Верди; либрето Ариго Бойто; * Giuseppe Verdi
254 ## - Сведения за формата на нотното издание
Формат на описваните ноти Клавир
257 ## - Страна на издаване
Страна на създаване/издаване Русия
260 ## - Област на издателските данни
Място на издаване, разпространение и проч. Москва
Име на издателя, разпространителя и проч. Гос. муз. изд. 30655
Година на издаване 1963
300 ## - Физическа характеристика
Страници 375 с.
Размери/Мащаб 29 см
380 ## - Жанр
Жанр Изкуство
500 ## - Общи забележки
Забележка Текст на рус. и итал. ез.
700 1# - Други автори (авторска отговорност)
Лично име Бойто, Ариго
Автороска отговорност (Описва отношението между автора и произведението) либрето
9 (RLIN) 40934
700 1# - Други автори (авторска отговорност)
Лично име Verdi, Giuseppe
Автороска отговорност (Описва отношението между автора и произведението) *
9 (RLIN) 27244
852 ## - Местоположение
Форматна сигнатура Цб М ІІ 2980
Част 0
Фондова буква Хранилище
856 4# - Електронен адрес и достъп
Електронен формат pdf - файл
Път до файла /url/
Инструкция (цена за достъп) 0.00
Права за достъп disable
999 ## - СИСТЕМНИ КОНТРОЛНИ НОМЕРА
Koha biblionumber 296957
Koha biblioitemnumber 296957
942 ## - АРТИКУЛИ
Вид на библиотечния материал Нотни издания
Скрит в OPAC Не
Периодичен библиозапис Да
944 ## - СЪЗДАВАНЕ И РЕДАКЦИЯ на ЗАПИСА
Създаване/Редакция Създаване
Дата на регистрацията/редакция 15.11.2003
Служител, извършил регистрацията/редакцията
Статус, дата на статуса CRON CRON
944 ## - СЪЗДАВАНЕ И РЕДАКЦИЯ на ЗАПИСА
Създаване/Редакция Редакция
Дата на регистрацията/редакция 23.11.2004
999 ## - СИСТЕМНИ КОНТРОЛНИ НОМЕРА
Koha biblioitemnumber 296957
Наличности
Код за отписване Код за изгубен артикул Източник на класификационната схема Код за повреда Коз за рестрикции Код за отдаване Артикулен № Име на библиотеката - собственик Име на библиотеката, в която се намира в момента Статус (Текущо местоположение) Дата на вписване в системата Местоположение - отдел Цена в лева Инвентарен номер Систематично азбучна сигнатура Баркод Номер на екземпляра Цена в евро Служебна бележка Служебен тип на артикула
  Не е изгубен Universal Decimal Classification Не е повреден само за читалня ползва се в читалня 647405 Регионална библиотека "Любен Каравелов" Русе Регионална библиотека "Любен Каравелов" Русе Основен фонд - ползва се само за читалня 1963-01-01 Хранилище 4.90 11561/64 Цб М II 2980 900000104605 1 2.51 N: стар фонд Дата: 01.01.1963 Нотни издания
  Не е изгубен Universal Decimal Classification Не е повреден само за читалня ползва се в читалня 647406 Регионална библиотека "Любен Каравелов" Русе Регионална библиотека "Любен Каравелов" Русе Основен фонд - ползва се само за читалня 1963-01-01 Хранилище 4.93 16944/64 Цб М II 2980 900000104604 2 2.52 N: стар фонд Дата: 01.01.1963 Нотни издания
Vip Innovations Ltd, Rousse, Bulgaria 2025